| 000 | 00454nam a22001577a 4500 | ||
|---|---|---|---|
| 003 | SGT | ||
| 020 | _a9789339204617 | ||
| 082 | _a624.151,DUG | ||
| 100 | _aDUGGAL S K | ||
| 245 | _aENGINEERING GEOLOGY | ||
| 260 |
_aNEW DELHI _bMC GRAW HILL EDUCATION _c2014 |
||
| 300 | _a474 | ||
| 650 | _aCIVIL ENGINEERING | ||
| 653 | _aENGINEERING GEOLOGY AN INTRODUCTION, THE EARTH ITS ORIGIN AND PROPERTIES, MAGMA NATURAL AGENCIES AND LANDFORMS | ||
| 942 |
_2ddc _cBK |
||
| 999 |
_c9740 _d9740 |
||